000 00777nam a2200205 a 4500
005 20210223125143.0
008 031006s1971 mx r 000 0 spa d
035 _aUPN01000129575
049 _aCG
050 4 _aTK9901
_bF5.4
100 1 _aFisher, Howard W.
245 1 0 _aEspecialidades eléctricas :
_blecturas de planos, elaboración de diagramas comerciales /
_cHoward W. Fisher, Robert L. Arendt ; tr. Antonio Bosch Tejada.
260 _aMéxico :
_bDiana :
_bCentro Regional de Ayuda Técnica, AID,
_c1971.
300 _a159 P. :
_bil.
440 0 _aManuales Delmar de electricidad y electrónica
500 _aAcompañado de un sobre con 11 planos comerciales
650 4 _aELECTRICIDAD -
_vMANUALES
_920191
700 1 _aArendt, Robert L.,
_ecoaut.
905 _aLibro
999 _c101747
_d101747